The American pageant revisited : recollections of a Stanford historian /

Bibliographic Details
Main Author: Bailey, Thomas Andrew, 1902-1983
Format: Book
Language:English
Published: Stanford, Calif. : Hoover Institution Press, [1982]
Series:Hoover Press publication ; 263.
Subjects:

MARC

Tag First Indicator Second Indicator Subfields
LEADER 00000pam a2200000 a 4500
001 in00000089155
005 20151008065325.0
008 820108s1982 cau 00110aeng
010 |a  81083069  
020 |a 0817976310 :  |c $19.95 
035 |a (OCoLC)08112172 
035 |9 AAK5749AM 
039 0 |a 2  |b 3  |c 3  |d 3  |e 3 
040 |a DLC  |c DLC  |d TXA  |d UtOrBLW 
043 |a n-us--- 
049 |a TXAM  |c [388257] 
050 0 0 |a E175.5.B15  |b A325 1982 
082 0 |a 973.9/092/4  |a B  |2 19 
100 1 |a Bailey, Thomas Andrew,  |d 1902-1983. 
245 1 4 |a The American pageant revisited :  |b recollections of a Stanford historian /  |c Thomas A. Bailey. 
264 1 |a Stanford, Calif. :  |b Hoover Institution Press,  |c [1982] 
264 4 |c ©1982 
300 |a viii, 221 pages ;  |c 24 cm. 
336 |a text  |b txt  |2 rdacontent 
337 |a unmediated  |b n  |2 rdamedia 
338 |a volume  |b nc  |2 rdacarrier 
490 1 |a Hoover Press publication ;  |v 263 
500 |a Includes index. 
600 1 0 |a Bailey, Thomas Andrew,  |d 1902-1983. 
650 0 |a Historians  |z United States  |v Biography. 
830 0 |a Hoover Press publication ;  |v 263. 
999 |a MARS 
999 f f |s e8d92d83-0f23-37b3-b689-27910080fa4d  |i ed43548d-4a08-3be7-939e-b03aaab07f62  |t 0 
952 f f |p ric  |a Texas A&M University  |b Rellis Campus  |c Joint Library Facility  |d Remote Storage  |t 0  |e E175.5.B15 A325 1982  |h Library of Congress classification  |i unmediated -- volume  |m A14806105211 
998 f f |a E175.5.B15 A325 1982  |t 0  |l Remote Storage